000 01845nam a22002297a 4500
005 20220516093439.0
008 220516b ||||| |||| 00| 0 eng d
020 _a4770016398
040 _cAloy
041 _aeng
082 _223
_a952.092
_bLARE
100 _aStephen S Large
_937107
245 _aEmperors of the rising sun:
_bThree biographies
260 _aTokyo
_bKodansha International
_c1997
300 _a231p.
_bHB
_c19x13cm.
365 _2History
520 _aThe history of modern Japan cannot be conceived without reference to its emperors. Japan became a modern nation during the reign of Emperor Meiji from 1868 to 1912, experienced an interlude for a good part of the reign of Emperor Taisho (1912-26), and then suffered defeat in war and rose from its ashes during the reign of Emperor Showa (Hirohito) from 1926 to 1989. What role did the three emperors play in forming the policies of government and influencing the course the country would take? How did their personalities affect this role? What kind of men, in fact, were they? It is such questions as these that the author, Stephen S. Large, winner of the Ohira Prize for his book on Emperor Hirohito, attempts to answer. From Emperors of the Rising Sun: Three Biographies the reader will not only gain an insight into the lives and characters of the three emperors but will also acquire an understanding of the inner workings of Japanese politics and a knowledge of the behind-the-scenes stories that determined the kind of nation that Japan would become. In short, Emperors of the Rising Sun is enjoyable as well as insightful, a delight for anyone interested in the history of Japan or the roles that emperors have played in modern times.
650 _aBiography
_937108
650 _aJapan
_937109
700 _aLARGE (Stephen S)
_937110
942 _2ddc
_cGF
999 _c222933
_d222933